Encyclopaedia Britanica .V.24 Sainte -Claire Deville to shuttle (Record no. 364981)

MARC details
000 -LEADER
fixed length control field 003150000a22001330004500
060 ## - NATIONAL LIBRARY OF MEDICINE CALL NUMBER
Classification number 100
082 ## - DEWEY DECIMAL CLASSIFICATION NUMBER
Classification number 032 ENC.24
245 ## - TITLE STATEMENT
Title Encyclopaedia Britanica .V.24 Sainte -Claire Deville to shuttle
250 ## - EDITION STATEMENT
Edition statement 11
260 ## - PUBLICATION, DISTRIBUTION, ETC. (IMPRINT)
Place of publication, distribution, etc. London, Cambridge University press
260 ## - PUBLICATION, DISTRIBUTION, ETC. (IMPRINT)
Date of publication, distribution, etc. 1911
300 ## - PHYSICAL DESCRIPTION
Extent 1024
942 ## - ADDED ENTRY ELEMENTS (KOHA)
Koha item type Books (General)
Holdings
Withdrawn status Lost status Damaged status Not for loan Home library Current library Date acquired Total Checkouts Full call number Barcode Date last seen Date checked out Price effective from Koha item type
        College of Agriculture, Vellayani College of Agriculture, Vellayani 02/05/2014 1 032 ENC.24 KAU_COAV-27 18/01/2020 18/01/2020 02/05/2014 Books (General)
Kerala Agricultural University Central Library
Thrissur-(Dt.), Kerala Pin:- 680656, India
Ph : (+91)(487) 2372219
E-mail: librarian@kau.in
Website: http://library.kau.in/